La rebelión contrerista de 1725-26: radiografía socio-económica del Chiriquí Colonial /
Gorde:
| Egile nagusia: | |
|---|---|
| Formatua: | Texto |
| Etiketak: |
Etiketa erantsi
Etiketarik gabe, Izan zaitez lehena erregistro honi etiketa jartzen!
|
MARC
| LEADER | 00000 a a2200000 04500 | ||
|---|---|---|---|
| 001 | 46224 | ||
| 003 | |||
| 040 | |||
| 100 | |a Castillo Calvo, Alfredo | ||
| 245 | |a La rebelión contrerista de 1725-26: |b radiografía socio-económica del Chiriquí Colonial / |c Alfredo Castillero Calvo | ||
| 773 | |g número46 ( , 1992), páginas 173-308: tablas, gráficos | ||
| 999 | |c 31534 |d 31534 | ||
